| 000 | 00598nam a2200133Ia 4500 | ||
|---|---|---|---|
| 008 | 160809s9999 xx 000 0 und d | ||
| 100 | _aFarnsworth, Megan. | ||
| 245 | _aWHAT INCLUSIVE DISPOSITIONS CONTRIBUTE TO CULTURALLY LINGUISTICALLY DIVERSE EXCEPTIONAL STUDENTS’ SUCCESS? | ||
| 245 | _cMegan Farnsworth,Jacqueline Zaleski Mackenzie Southern Oregon University. | ||
| 260 | _bInternational Journal of Special Education | ||
| 260 | _c2015 | ||
| 650 | _xSPECIAL EDUCATION | ||
| 856 | _uhttp://www.internationaljournalofspecialed.com/docs/IJSE%20Entire%20Issue%202015%20Vol%2030%20Issue%203.pdf | ||
| 999 |
_c300232 _d300232 |
||